000 00870nam a2200253 a 4500
001 000018481
005 20200929165819.0
008 100510s1950 sp 000 h spa d
040 _aDO-SdBNP
_bspa
_cBNPHU
082 _a867.4
_bC121ca
100 1 _aCadalso, José,
_d1741-1782
_922405
245 1 0 _aCartas marruecas /
_cCadalso ; prólogo, edición y notas de Juan Tamayo y Rubio.
260 _aMadrid :
_bEspasa-Calpe,
_c1950.
300 _axlvi, 232 p. ;
_c19 cm.
490 1 _aClásicos castellanos
_v112
504 _aIncluye referencias bibliográficas y notas al pie de las páginas
650 4 _aSátira española
_94899
650 4 _aHumorismo español
_922337
650 4 _aCartas españolas
_99744
650 4 _aLiteratura española
_9632
700 1 _aTamayo y Rubio, Juan,
_eed.
_939980
830 0 _aClásicos castellanos ;
_n112
_939981
910 _aWM
999 _c18001
_d18001